Sports Quiz

Random Sports or Baseball Quiz

Best Seasons, AL Central 2000-2010 Quiz Stats

 Plays Quiz not verified by Sporcle

Challenge
Share
Tweet
Embed
Score 0/63 Timer 07:00
0 Plays Today
Team Player % Correct
TwinsJoe Mauer
95.1%
TwinsJoe Mauer
95.1%
TwinsJoe Mauer
95.1%
TwinsJoe Mauer
95.1%
TwinsJustin Morneau
92.8%
TigersMiguel Cabrera
87.9%
TigersMiguel Cabrera
87.9%
IndiansJim Thome
87.4%
IndiansJim Thome
87.4%
IndiansCliff Lee
86.1%
Indians/PhilliesCliff Lee
86.1%
White SoxCarlos Lee
85.6%
TwinsJohan Santana
83.5%
TwinsJohan Santana
83.5%
TwinsJohan Santana
83.5%
IndiansCC Sabathia
83.3%
IndiansCC Sabathia
83.3%
Indians/BrewersCC Sabathia
83.3%
IndiansGrady Sizemore
80.2%
IndiansGrady Sizemore
80.2%
IndiansGrady Sizemore
80.2%
IndiansGrady Sizemore
80.2%
TigersMagglio Ordonez
79.7%
White SoxMagglio Ordonez
79.7%
RoyalsZack Greinke
77.4%
RoyalsZack Greinke
77.4%
IndiansTravis Hafner
76.1%
IndiansTravis Hafner
76.1%
TigersJustin Verlander
75.1%
TigersJustin Verlander
75.1%
White SoxFrank Thomas
71.5%
RoyalsCarlos Beltran
69.4%
Team Player % Correct
RoyalsCarlos Beltran
69.4%
RoyalsCarlos Beltran
69.4%
Royals/AstrosCarlos Beltran
69.4%
White SoxMark Buehrle
64.3%
TigersPlacido Polanco
61.7%
Phillies/TigersPlacido Polanco
61.7%
IndiansShin-Soo Choo
57.8%
IndiansShin-Soo Choo
57.8%
IndiansVictor Martinez
52.4%
IndiansVictor Martinez
52.4%
TwinsFrancisco Liriano
50.4%
TwinsBrad Radke
48.8%
TwinsBrad Radke
48.8%
TwinsBrad Radke
48.8%
TwinsJacque Jones
47.8%
IndiansRoberto Alomar
46%
IndiansRoberto Alomar
46%
Indians/YankeesDavid Justice
45.8%
TigersCarlos Guillen
45%
TigersCarlos Guillen
45%
Mariners/White SoxFreddy Garcia
43.4%
TigersCurtis Granderson
41.9%
TigersIvan Rodriguez
41.9%
TigersJeremy Bonderman
33.9%
White SoxJohn Danks
29%
White SoxEsteban Loaiza
26%
TwinsCorey Koskie
25.7%
TwinsCorey Koskie
25.7%
RoyalsGil Meche
21.1%
White SoxAaron Rowand
15.2%
White SoxJavier Vazquez
14.7%

You're not logged in!

Compare scores with friends on all Sporcle quizzes.
OR
Log In

You Might Also Like...

Show Comments

Extras

Top Quizzes Today


Score Distribution

Your Account Isn't Verified!

In order to create a playlist on Sporcle, you need to verify the email address you used during registration. Go to your Sporcle Settings to finish the process.

Report this User

Report this user for behavior that violates our Community Guidelines.

Details: